Phát triển cộng đồng lý thuyết và vận dụng /

Sách hệ thống hóa các lý thuyết cộng đồng và phát triển cộng đồng, vào năng lực tự quản - một tiềm năng để phát triển cộng đồng trong quá trình CNH, HDDH. Đây là cơ sở lý thuyết quan trọng để giải quyết các vấn đề có tính thao tác kỹ thuật như dự án, quản lý dự án....

Descrizione completa

Salvato in:
Dettagli Bibliografici
Autore principale: Tô Duy Hợp.
Altri autori: Lương Hồng Quang.
Natura: Libro
Lingua:Vietnamese
Pubblicazione: Hà Nội : Văn hoá thông tin, 2000.
Soggetti:
Tags: Aggiungi Tag
Nessun Tag, puoi essere il primo ad aggiungerne! !
Thư viện lưu trữ: Mạng thư viện Đại học Đà Nẵng
LEADER 01261cam a2200349 i 4500
001 000044625
003 3028
005 20030917090637.0
008 010314b2000 vm 000 vie
020 |c 45000 
022 |a T 
040 |a IRC  |c IRC  |d IRC 
041 0 |a vie 
082 1 4 |a 307.1  |b TÔ-H 
100 1 |a Tô Duy Hợp. 
245 0 0 |a Phát triển cộng đồng lý thuyết và vận dụng /  |c Tô Duy Hợp, Lương Hồng Quang. 
260 |a Hà Nội :  |b Văn hoá thông tin,  |c 2000. 
300 |a 197tr. ;  |c 27cm. 
520 3 |a Sách hệ thống hóa các lý thuyết cộng đồng và phát triển cộng đồng, vào năng lực tự quản - một tiềm năng để phát triển cộng đồng trong quá trình CNH, HDDH. Đây là cơ sở lý thuyết quan trọng để giải quyết các vấn đề có tính thao tác kỹ thuật như dự án, quản lý dự án. 
630 0 4 |a Cộng đồng. 
650 0 4 |a Cộng đồng  |x Xã hội học. 
700 1 |a Lương Hồng Quang. 
OWN |a DUT 
999 |a From the UDN01 
TYP |a Monograph 
TYP |a Printed language 
980 |a Mạng thư viện Đại học Đà Nẵng